000 00735nam a2200241 a 4500
008
049 _aMAIN
090 _aQE390.5
100 1 0 _aHelgeson, Harold C.
245 1 0 _aComplexing and hydrothermal ore deposition /
_cby Harold C. Helgeson.
260 0 _aNew York :
_bMacmillan,
_c1964.
300 _axiv, 128 p. :
_bill. ;
_c24 cm.
490 0 _aInternational series of monographs on earth sciences,
_vv. 17.
504 _aIncludes bibliographical references.
650 0 _aGeochemistry.
650 0 _aComplex compounds.
650 0 _aOres.
907 _a.b1011838x
_b22-06-04
_c15-04-04
003
005 20230123133742.0
040 _cNUST
942 _cBOOKS
_kQE390.5
999 _c154012
_d154012